<?xml version="1.0" encoding="UTF-8"?>
<record
    xmlns:xsi="http://www.w3.org/2001/XMLSchema-instance"
    xsi:schemaLocation="http://www.loc.gov/MARC21/slim http://www.loc.gov/standards/marcxml/schema/MARC21slim.xsd"
    xmlns="http://www.loc.gov/MARC21/slim">

  <leader>01091nam a2200169   4500</leader>
  <datafield tag="999" ind1=" " ind2=" ">
    <subfield code="c">38504</subfield>
    <subfield code="d">38504</subfield>
  </datafield>
  <datafield tag="082" ind1=" " ind2=" ">
    <subfield code="a">RP.0373</subfield>
  </datafield>
  <datafield tag="100" ind1=" " ind2=" ">
    <subfield code="a">&#x92A;&#x94B;&#x916;&#x930;&#x93F;&#x92F;&#x93E; , &#x926;&#x947;&#x935;&#x938;&#x93F;&#x902;&#x939; </subfield>
    <subfield code="u">&#x915;&#x941;&#x92E;&#x93E;&#x90A;&#x901; &#x935;&#x93F;&#x936;&#x94D;&#x935;&#x935;&#x93F;&#x926;&#x94D;&#x92F;&#x93E;&#x932;&#x92F; </subfield>
    <subfield code="v">&#x905;&#x932;&#x94D;&#x92E;&#x94B;&#x921;&#x93C;&#x93E; - &#x909;&#x924;&#x94D;&#x924;&#x930;&#x93E;&#x916;&#x902;&#x921; </subfield>
  </datafield>
  <datafield tag="245" ind1=" " ind2=" ">
    <subfield code="a">&#x909;&#x924;&#x94D;&#x924;&#x930;&#x93E;&#x916;&#x902;&#x921; &#x915;&#x940; &#x925;&#x93E;&#x930;&#x941; &#x91C;&#x928;&#x91C;&#x93E;&#x924;&#x93F; &#x915;&#x947; &#x932;&#x94B;&#x915; &#x938;&#x93E;&#x939;&#x93F;&#x924;&#x94D;&#x92F; &#x915;&#x93E; &#x92D;&#x93E;&#x937;&#x93F;&#x915; &#x90F;&#x935;&#x902; &#x938;&#x93E;&#x92E;&#x93E;&#x91C;&#x93F;&#x915; &#x905;&#x927;&#x94D;&#x92F;&#x92F;&#x928; </subfield>
    <subfield code="c">/ &#x926;&#x947;&#x935;&#x938;&#x93F;&#x902;&#x939; &#x92A;&#x94B;&#x916;&#x930;&#x93F;&#x92F;&#x93E;</subfield>
  </datafield>
  <datafield tag="246" ind1=" " ind2=" ">
    <subfield code="a">uttaraakhand kee thaaru janajaati ke lok saahity ka bhaashik evan saamaajik adhyayan</subfield>
  </datafield>
  <datafield tag="260" ind1=" " ind2=" ">
    <subfield code="a">&#x905;&#x932;&#x94D;&#x92E;&#x94B;&#x921;&#x93C;&#x93E; - C :</subfield>
    <subfield code="b">&#x915;&#x941;&#x92E;&#x93E;&#x90A;&#x901; &#x935;&#x93F;&#x936;&#x94D;&#x935;&#x935;&#x93F;&#x926;&#x94D;&#x92F;&#x93E;&#x932;&#x92F; ,</subfield>
    <subfield code="c">2017</subfield>
  </datafield>
  <datafield tag="300" ind1=" " ind2=" ">
    <subfield code="a">303p.</subfield>
  </datafield>
  <datafield tag="536" ind1=" " ind2=" ">
    <subfield code="a">Indian Council of Social Science Research (ICSSR)</subfield>
  </datafield>
  <datafield tag="546" ind1=" " ind2=" ">
    <subfield code="a">Hindi</subfield>
  </datafield>
  <datafield tag="650" ind1=" " ind2=" ">
    <subfield code="a">&#x932;&#x94B;&#x915; &#x938;&#x93E;&#x939;&#x93F;&#x924;&#x94D;&#x92F;</subfield>
    <subfield code="v">&#x938;&#x92E;&#x93E;&#x91C; &#x936;&#x93E;&#x938;&#x94D;&#x924;&#x94D;&#x930;</subfield>
    <subfield code="x">&#x92D;&#x93E;&#x937;&#x93F;&#x915; &#x905;&#x927;&#x94D;&#x92F;&#x92F;&#x928; </subfield>
    <subfield code="z">&#x909;&#x924;&#x94D;&#x924;&#x930;&#x93E;&#x916;&#x902;&#x921; </subfield>
  </datafield>
  <datafield tag="650" ind1=" " ind2=" ">
    <subfield code="a">Folk literature</subfield>
    <subfield code="v">Linguistic and social study</subfield>
    <subfield code="x">Literature</subfield>
    <subfield code="z">Uttrakhand </subfield>
  </datafield>
  <datafield tag="942" ind1=" " ind2=" ">
    <subfield code="2">ddc</subfield>
    <subfield code="c">RP</subfield>
  </datafield>
  <datafield tag="952" ind1=" " ind2=" ">
    <subfield code="0">0</subfield>
    <subfield code="1">0</subfield>
    <subfield code="4">0</subfield>
    <subfield code="7">1</subfield>
    <subfield code="8">MRP</subfield>
    <subfield code="a">NASSDOC</subfield>
    <subfield code="b">NASSDOC</subfield>
    <subfield code="d">2023-06-21</subfield>
    <subfield code="e">Major Research Report Division</subfield>
    <subfield code="l">0</subfield>
    <subfield code="o">RP.0373</subfield>
    <subfield code="p">53723</subfield>
    <subfield code="r">2023-06-21 00:00:00</subfield>
    <subfield code="w">2023-06-21</subfield>
    <subfield code="y">RP</subfield>
  </datafield>
</record>
